MARC

LEADER 00000nam0a2200000 4500
001 112755
005 20231031121556.0
010 |a 5337004530 
035 |a (RuTPU)RU\TPU\book\121917 
090 |a 112755 
100 |a 20070402d1989 m y0rusy50 ca 
101 0 |a rus 
102 |a UA 
105 |a af z 001zy 
200 1 |a Руками сельского умельца  |f В. И. Микитчук, В. Е. Лепа 
210 |a Киев  |c Урожай  |d 1989 
215 |a 176 с.  |c ил. 
320 |a Библиогр.: с. 170-171. 
610 1 |a хозяйственно-бытовые изделия 
610 1 |a печные изразцы 
610 1 |a гончарные изделия 
610 1 |a черепица 
610 1 |a известь 
610 1 |a бондарные изделия 
610 1 |a бочки 
610 1 |a кадки 
610 1 |a ушаты 
610 1 |a окоренки 
610 1 |a лозоплетение 
610 1 |a резьба по дереву 
675 |a 64  |v 3 
700 1 |a Микитчук  |b В. И.  |g Василий Иванович 
701 1 |a Лепа  |b В. Е.  |g Виктор Ефимович 
801 1 |a RU  |b 63413507  |c 20070402  |g PSBO 
801 2 |a RU  |b 63413507  |c 20080222  |g PSBO 
942 |c BK